000 01381nam0a2200313 4500
001 RU\NLR\bibl\1400867
005 20260405183230.0
010 _a978-5-98607-051-3
_97000
021 _aRU
_b2009-2389и
_9146и
035 _a(NLR Aleph) 001392875
090 _a1173441
_c1173441
100 _a20090813d2009 |||y0rusy50 ca
101 1 _arus
_ceng
102 _aRU
105 _aa |||||||||
200 1 _aBratz
_iНовичок в городе
_eфотоистории
_e[для детей среднего и старшего школьного возраста
_fпер. с англ.: Наталия Нестерова]
210 _aМосква
_cБУКИ
_d2009
215 _a[94] с.
_cцв. ил.
_d19
225 1 _aСтильно, ярко, невероятно!
300 _aНазв. на яз. ориг.: Bratz. Photostories. Mew kid in town
300 _aВ вып. дан. загл.: Братц. Фотоистории. Новичок в городе
454 0 _12001#$aBratz. Photostories. Mew kid in town
_tBratz. Photostories. Mew kid in town
517 0 _aБратц. Фотоистории. Новичок в городе
702 1 _4730
_8rus
_7ca
_aНестерова
_bН.
_cлингвист
_gНаталия
_3RU\NLR\auth\7779874
_962802
801 0 _aRU
_bNLR
_c20090813
_gRCR
801 1 _aRU
_bNLR
_c20090813
942 _cBOOK
980 _aNB